| 000 | 01567nam a2200517 i 4500 | ||
|---|---|---|---|
| 001 | 38654 | ||
| 003 | KOSZ 005 | ||
| 005 | 20191004142540.0 | ||
| 008 | 010629s2000 pl a f |000 0 pol | ||
| 015 | _aPB 2001/16689 | ||
| 020 | _a8385776494 | ||
| 035 | _a991016349829705066 | ||
| 035 | _a(PL-WaBN)b14396518-48omnis_nlop | ||
| 035 | _ab14396518 | ||
| 035 | _a(OCoLC)749834537 | ||
| 035 | _a(PL)b0000001439651 | ||
| 035 | _a(EXLNZ-48OMNIS_NETWORK)9910337130205606 | ||
| 040 |
_aWA N _cWA N _dKOSZ 005/HR |
||
| 041 | 0 | _apol | |
| 046 | _k2000 | ||
| 080 | _a336.717 | ||
| 080 | _a336.78 | ||
| 080 | _a(083.1) | ||
| 100 | 1 |
_aWąsowski, Włodzimierz _d(1944- ) _eAutor |
|
| 245 | 1 | 0 |
_aOdsetki w banku / _cWłodzimierz Wąsowski. |
| 260 |
_aWarszawa : _bBiblioteka Menedżera i Bankowca "Zarządzanie i Finanse", _c2000. |
||
| 300 |
_a84 s. : _bil. ; _c21 cm. |
||
| 336 |
_2rdacontent _aTekst _btxt |
||
| 337 |
_2rdamedia _aBez urządzenia pośredniczącego _bn |
||
| 338 |
_2rdacarrier _aWolumin _bnc |
||
| 380 | _aKsiążki | ||
| 380 | _aPublikacje fachowe | ||
| 388 | _a1901-2000 | ||
| 388 | _a1989-2000 | ||
| 490 | 1 | _aPraktyka Bankowa | |
| 504 | _aBibliogr. | ||
| 650 | 7 |
_aBanki _2DBN |
|
| 650 | 7 | _aFinanse | |
| 650 | 7 |
_aProcent _2DBN |
|
| 658 | _aGospodarka, ekonomia, finanse | ||
| 655 | 7 |
_aPoradnik _2DBN |
|
| 830 | 0 | _aPraktyka Bankowa | |
| 856 |
_uhttp://koha.tu.koszalin.pl/cgi-bin/koha/opac-detail.pl?biblionumber=38654 _yKatalog online BPK |
||
| 942 |
_2UKD _cKS |
||
| 999 |
_c38654 _d38654 |
||